Marginalidad espacial, estado y ciudadania /

Guardado en:
Bibliografiske detaljer
Hovedforfatter: Sigal, Silvia
Format: Texto
Fag:
Tags: Tilføj Tag
Ingen Tags, Vær først til at tagge denne postø!

MARC

LEADER 00000 a a2200000 04500
001 44327
003
040
100 |a Sigal, Silvia  
245 |a Marginalidad espacial, estado y ciudadania /  |c Silvia Sigal  
650 |a ESTADO  
650 |a MARGINALIDAD  
650 |a POBREZA  
650 |a CIUDADES  
773 |g volumen43, número4 ( , 1981), Páginas 1547-1577  
999 |c 35107  |d 35107